000 01085nam a2200289 4500
003 OSt
005 20260601193853.0
008 260506b1995 mx ||||| |||| 00| 0 spa d
020 _a9709137034
040 _aICI
_bspa
_cICI
041 _aspa
050 _aTK1193.M4
_bC74
100 1 _a Cremoux, Raúl,
_dautor
_932550
245 1 _aRelatos de Luz
_c Raúl Cremoux ; Martha León, coautora editorial y diseño ; Graciela Iturbide, retratos
264 _a[México] :
_bCompañía Federal de Electricidad,
_c[1995?]
300 _a187 páginas :
_bilustraciones
336 _atexto
_2rdacontent
337 _asin medio
_2rdamedia
338 _avolumen
_2rdacarrier
610 _aMéxico.
_bComisión Federal de Electricidad
_xHistoria
_932551
650 0 _aProducción de energía eléctrica
_xHistoria
_zMéxico
_932552
650 0 _aCentrales hidroeléctricas
_xHistoria
_zMéxico
_932553
650 0 _a Centrales eléctricas
_xHistoria
_zMéxico
_932554
700 1 _aLeón, Martha ;
_eeditor
_917553
700 1 _aIturbide Graciela ;
_d1942
_eilustrador
_932555
942 _2lcc
_cB
_n1
999 _c21915
_d21915